[Event "17PCR_F"]
[Site "?"]
[Date "2008.??.??"]
[Round "?"]
[White "Bednarik, Radovan"]
[Black "Brichacek, Milan"]
[Result "1-0"]
[WhiteElo "2112"]
[BlackElo "2215"]
[PlyCount "57"]
[EventDate "2008.??.??"]

1. d4 d5 2. c4 c6 3. Nf3 Nf6 4. cxd5 Nxd5 5. e4 Nb6 6. Nc3 Bg4 7. Bg5 Bxf3 8.
gxf3 h6 9. Be3 e6 10. Bd3 a5 11. Qc2 a4 12. a3 N8d7 13. O-O-O Qh4 14. h3 Qh5
15. f4 Qa5 16. Kb1 Be7 17. Bd2 Qh5 18. Rdg1 Qh4 19. Rxg7 Qxf2 20. Ne2 Nf6 21.
Rgg1 Kd7 22. f5 exf5 23. Rf1 Qg2 24. Rhg1 Qh2 25. Rxf5 Rhg8 26. Rc1 Ke8 27.
Rcf1 Nbd7 28. R5f3 h5 29. Bc4 1-0

[Event "17PCR_F"]
[Site "?"]
[Date "2008.??.??"]
[Round "?"]
[White "Bednarik, Radovan"]
[Black "Glaser, Karel"]
[Result "0-1"]
[WhiteElo "2112"]
[BlackElo "2161"]
[PlyCount "76"]
[EventDate "2008.??.??"]

1. d4 Nf6 2. c4 e6 3. Nf3 Bb4+ 4. Bd2 Be7 5. Nc3 d5 6. e3 O-O 7. cxd5 exd5 8.
Bd3 c6 9. O-O Re8 10. Rc1 Bd6 11. Qc2 h6 12. Rfe1 Nbd7 13. Re2 Nb6 14. Rce1 Bg4
15. e4 dxe4 16. Nxe4 Re6 17. Nxd6 Rxd6 18. Re3 Nbd5 19. Re5 Bxf3 20. gxf3 Qb6
21. Qc5 Rdd8 22. Qxb6 axb6 23. a3 Nc7 24. Be3 Ne6 25. Rd1 Rd6 26. Bc4 Rad8 27.
Bxe6 Rxe6 28. Re1 Nd5 29. f4 Red6 30. Kf1 f6 31. Re4 Kf7 32. Ke2 Ne7 33. Kd3
Rd5 34. Bd2 R8d7 35. Bc3 Rh5 36. Rh1 Nd5 37. Bd2 Rh4 38. Ke2 f5 {,,,bily
prekrocil CL, kdyz na 39 tahu spotreboval 169 dnu.} 0-1

[Event "17PCR_F"]
[Site "?"]
[Date "2008.??.??"]
[Round "?"]
[White "Bednarik, Radovan"]
[Black "Kyhos, Alois"]
[Result "0-1"]
[WhiteElo "2112"]
[BlackElo "2121"]
[PlyCount "68"]
[EventDate "2008.??.??"]

1. d4 Nf6 2. c4 e6 3. Nf3 b6 4. g3 Bb7 5. Bg2 Be7 6. O-O O-O 7. Nc3 Ne4 8. Qd3
Nxc3 9. Qxc3 c5 10. Rd1 d6 11. Qd3 f5 12. dxc5 bxc5 13. Bf4 e5 14. Ng5 Qd7 15.
Bd5+ Kh8 16. Be3 Bxg5 17. Bxb7 Qxb7 18. Bxg5 Nc6 19. Qxd6 Nd4 20. Rd2 Qb4 21.
Qd5 f4 22. Rad1 Rae8 23. e3 fxe3 24. Bxe3 Rd8 25. a3 Qb8 26. Qxc5 Nf3+ 27. Kg2
Nxd2 28. Rxd2 Rxd2 29. Bxd2 Rc8 30. Qb5 Qa8+ 31. Kg1 Rd8 32. Qa5 Rd3 33. h3 h5
34. Kf1 h4 0-1

[Event "17PCR_F"]
[Site "?"]
[Date "2008.??.??"]
[Round "?"]
[White "Bednarik, Radovan"]
[Black "Pirhala, Ladislav"]
[Result "0-1"]
[WhiteElo "2112"]
[BlackElo "2102"]
[PlyCount "66"]
[EventDate "2008.??.??"]

1. d4 Nf6 2. c4 e6 3. Nf3 d5 4. Nc3 Bb4 5. cxd5 exd5 6. Bf4 Ne4 7. Qa4+ Nc6 8.
Rc1 O-O 9. e3 g5 10. Bg3 h5 11. Ne5 Bxc3+ 12. bxc3 Ne7 13. Qc2 f6 14. Nf3 h4
15. Nxh4 gxh4 16. Bxh4 Qe8 17. Bg3 Bf5 18. Qb2 c5 19. dxc5 Nxc5 20. Bd6 Nd3+
21. Bxd3 Bxd3 22. Rd1 Bc4 23. Rd4 b5 24. h4 Rf7 25. Qc2 Rd8 26. Bxe7 Qxe7 27.
g4 Rd6 28. Qf5 Re6 29. g5 fxg5 30. Qxg5+ Qxg5 31. hxg5 Ra6 32. Rdh4 Bd3 33. g6
Bxg6 0-1

[Event "17PCR_F"]
[Site "?"]
[Date "2008.??.??"]
[Round "?"]
[White "Bednarik, Radovan"]
[Black "Portych, Vaclav"]
[Result "0-1"]
[WhiteElo "2112"]
[BlackElo "2187"]
[PlyCount "57"]
[EventDate "2008.??.??"]

1. d4 Nf6 2. c4 e6 3. Nf3 b6 4. g3 Ba6 5. b3 Bb4+ 6. Bd2 Be7 7. Bg2 O-O 8. O-O
d5 9. Ne5 c6 10. Bf4 Nfd7 11. Nf3 dxc4 12. bxc4 Bxc4 13. Qc2 Ba6 14. Rd1 Nf6
15. e4 Qc8 16. Nc3 Nbd7 17. Rac1 h6 18. Ne1 Rd8 19. Nd3 Ba3 20. Rb1 c5 21. d5
c4 22. Nb4 Bxb4 23. Rxb4 Qc5 24. Ra4 Bb7 25. dxe6 fxe6 26. Bd6 Qc6 27. Be7 Re8
28. Rd6 Qc8 29. Bxf6 {.... PCL cerneho, kdyz na 29 tahu spotreboval 125 dnu.}
0-1

[Event "17PCR_F"]
[Site "?"]
[Date "2008.??.??"]
[Round "?"]
[White "Berko, Michal"]
[Black "Bednarik, Radovan"]
[Result "1/2-1/2"]
[WhiteElo "2117"]
[BlackElo "2112"]
[PlyCount "80"]
[EventDate "2008.??.??"]

1. Nf3 d5 2. d4 Nf6 3. c4 e6 4. Nc3 Bb4 5. Bg5 c6 6. cxd5 exd5 7. Qb3 Be7 8. e3
Qb6 9. Qc2 Na6 10. Be2 Nb4 11. Qd2 O-O 12. a3 Na6 13. Qc2 h6 14. Bxf6 Bxf6 15.
O-O Nb8 16. b4 a6 17. Rfe1 Re8 18. Rab1 Bg4 19. a4 Qd8 20. b5 axb5 21. axb5 Qd6
22. h3 Bh5 23. bxc6 bxc6 24. e4 Qd7 25. e5 Be7 26. Rb3 Qc8 27. Bd1 Nd7 28. Qb1
Nf8 29. Ne2 Bxf3 30. Rxf3 c5 31. Nf4 Qd7 32. Rb3 Bg5 33. Bh5 Bxf4 34. Rb7 Qc6
35. Bxf7+ Kh8 36. Bxe8 Rxe8 37. Rf7 Bd2 38. Re2 Bc3 39. dxc5 Kg8 40. Qf5 Ne6
1/2-1/2

[Event "17PCR_F"]
[Site "?"]
[Date "2008.??.??"]
[Round "?"]
[White "Berko, Michal"]
[Black "Cvak, Rudolf"]
[Result "0-1"]
[WhiteElo "2117"]
[BlackElo "2264"]
[PlyCount "86"]
[EventDate "2008.??.??"]

1. Nf3 Nf6 2. c4 g6 3. g3 Bg7 4. Bg2 d5 5. O-O c6 6. cxd5 cxd5 7. d4 Bf5 8. Qb3
Qb6 9. Qxb6 axb6 10. Nc3 Nc6 11. h3 Ra5 12. e3 b5 13. Bd2 b4 14. Ne2 Ne4 15. g4
Nxd2 16. Nxd2 Bd3 17. Rfe1 e6 18. Nf4 Bb5 19. Rec1 Bh6 20. Bxd5 exd5 21. Nxd5
Kd7 22. Nb3 Ra7 23. Rc5 Bd3 24. Nc1 Ba6 25. Nb3 Be2 26. h4 Bf8 27. Rc2 Bf3 28.
Nf6+ Ke6 29. g5 Be7 30. Nd2 Bxf6 31. Nxf3 Bg7 32. Rc5 Rha8 33. Rb5 Nd8 34. Rb6+
Kd7 35. Rxb4 Rxa2 36. Ne5+ Bxe5 37. Rxa2 Rxa2 38. dxe5 Kc7 39. f4 Ra6 40. Rd4
Ne6 41. Rd2 Ng7 42. Kf2 Rb6 43. h5 Rb3 0-1

[Event "17PCR_F"]
[Site "?"]
[Date "2008.??.??"]
[Round "?"]
[White "Berko, Michal"]
[Black "Koukal, Vladimir"]
[Result "1/2-1/2"]
[WhiteElo "2117"]
[BlackElo "2220"]
[PlyCount "62"]
[EventDate "2008.??.??"]

1. Nf3 d5 2. d4 Nf6 3. c4 e6 4. g3 dxc4 5. Qa4+ Bd7 6. Qxc4 Bc6 7. Bg2 Nbd7 8.
O-O Nb6 9. Qd3 Be4 10. Qd1 c5 11. Be3 Nfd5 12. Nbd2 Bxf3 13. Nxf3 Nxe3 14. fxe3
Rc8 15. Rc1 Be7 16. Ne5 O-O 17. Bxb7 Bg5 18. dxc5 Rxc5 19. Qxd8 Rxd8 20. Rxc5
Bxe3+ 21. Kg2 Bxc5 22. Rc1 Bd4 23. Rd1 Rd6 24. Nc6 e5 25. Kf3 h5 26. Nxd4 exd4
27. e4 Nc4 28. Bd5 Ne5+ 29. Kf4 Ng6+ 30. Kf3 Ne5+ 31. Kf4 Ng6+ 1/2-1/2

[Event "17PCR_F"]
[Site "?"]
[Date "2008.??.??"]
[Round "?"]
[White "Berko, Michal"]
[Black "Mezera, Lukas"]
[Result "1/2-1/2"]
[WhiteElo "2117"]
[BlackElo "2210"]
[PlyCount "106"]
[EventDate "2008.??.??"]

1. Nf3 Nf6 2. c4 g6 3. g3 Bg7 4. Bg2 O-O 5. Nc3 d6 6. O-O e5 7. d4 Nbd7 8. dxe5
dxe5 9. Be3 Qe7 10. h3 c6 11. Qb3 Re8 12. Rfd1 h6 13. Nd2 Nc5 14. Bxc5 Qxc5 15.
Nce4 Nxe4 16. Nxe4 Qb6 17. Qc3 Be6 18. c5 Qc7 19. Nd6 Red8 20. Qe3 f5 21. Rd2
Kh7 22. Rad1 Qe7 23. b4 h5 24. b5 e4 25. bxc6 bxc6 26. f3 Rab8 27. g4 Rg8 28.
Rc2 hxg4 29. hxg4 Qh4 30. Qf2 Qg5 31. Qg3 Bh6 32. fxe4 Rb4 33. Rc3 f4 34. Qh3
Rgb8 35. Bf3 Kg8 36. Rcc1 Bg7 37. Kg2 Rb2 38. Rh1 Rxa2 39. Rb1 Rbb2 40. Rxb2
Rxb2 41. Ne8 Bd4 42. Nd6 Kf8 43. Qh7 Bg7 44. Ne8 Bd4 45. Nd6 Qxc5 46. Qh6+ Bg7
47. Qxf4+ Kg8 48. Ne8 Qf8 49. Qxf8+ Bxf8 50. e5 Be7 51. Ra1 Ra2 52. Rxa2 Bxa2
53. Bxc6 Bb3 1/2-1/2

[Event "17PCR_F"]
[Site "?"]
[Date "2008.??.??"]
[Round "?"]
[White "Berko, Michal"]
[Black "Mindl, Josef"]
[Result "0-1"]
[WhiteElo "2117"]
[BlackElo "2148"]
[PlyCount "94"]
[EventDate "2008.??.??"]

1. Nf3 Nf6 2. c4 g6 3. Nc3 d5 4. cxd5 Nxd5 5. e4 Nxc3 6. bxc3 Bg7 7. Ba3 O-O 8.
d4 b6 9. Bc4 Bb7 10. O-O c5 11. Qe2 Qc7 12. Rab1 Nd7 13. e5 e6 14. Rfd1 a6 15.
Bd3 b5 16. Nd2 Rfc8 17. Be4 Bxe4 18. Nxe4 cxd4 19. cxd4 Qc4 20. Qf3 Qd5 21. Rd2
Rc4 22. Rbd1 Ra4 23. Be7 Re8 24. Bd6 Rc8 25. Qe2 Bh6 26. Rc2 Rxc2 27. Qxc2 Rc4
28. Qd3 b4 29. Kf1 a5 30. Be7 Bf8 31. Bxf8 Kxf8 32. f3 Kg7 33. Qd2 Rc6 34. Kg1
b3 35. axb3 Qxb3 36. Nd6 a4 37. Rf1 Kg8 38. Qf4 f6 39. Ne4 f5 40. Nd6 Nf8 41.
Ne8 Rc8 42. Nd6 Rc2 43. Qg5 Qb6 44. Qe7 Rc7 45. Qh4 a3 46. Qd8 Qxd4+ 47. Kh1
Ra7 0-1

[Event "17PCR_F"]
[Site "?"]
[Date "2008.??.??"]
[Round "?"]
[White "Berko, Michal"]
[Black "Svoboda, Frantisek"]
[Result "0-1"]
[WhiteElo "2117"]
[BlackElo "2176"]
[PlyCount "100"]
[EventDate "2008.??.??"]

1. Nf3 Nf6 2. c4 e6 3. g3 d5 4. d4 dxc4 5. Bg2 a6 6. O-O Nc6 7. e3 Bd7 8. Re1
Bd6 9. Qe2 b5 10. b3 cxb3 11. axb3 O-O 12. Bb2 Nd5 13. Rc1 Ncb4 14. Ne5 Be8 15.
Ng4 f5 16. Ne5 Rc8 17. Nc3 c6 18. h3 a5 19. Kh2 Ne7 20. Na2 Nbd5 21. Nd3 Ra8
22. Nc5 Bxc5 23. Rxc5 a4 24. Nc1 axb3 25. Nxb3 Rxa1 26. Bxa1 Nc8 27. Rc1 Ncb6
28. Nc5 Qf6 29. Qc2 h5 30. h4 Bg6 31. Qb3 Ra8 32. Bb2 Qe7 33. Nd3 Be8 34. Kg1
Nc4 35. Ne5 Nxe5 36. dxe5 Ra4 37. Bd4 g5 38. hxg5 Qxg5 39. Qc2 h4 40. gxh4 Qg4
41. Qd1 Qxh4 42. Bf3 Kh7 43. Kg2 Ra2 44. Rc2 Qg5+ 45. Kf1 Ra8 46. Rc1 Qh4 47.
Ra1 Rd8 48. Rc1 b4 49. Kg2 Qg5+ 50. Kf1 Nc3 0-1

[Event "17PCR_F"]
[Site "?"]
[Date "2008.??.??"]
[Round "?"]
[White "Brichacek, Milan"]
[Black "Berko, Michal"]
[Result "1/2-1/2"]
[WhiteElo "2215"]
[BlackElo "2117"]
[PlyCount "43"]
[EventDate "2008.??.??"]

1. e4 e5 2. Nf3 Nf6 3. d4 exd4 4. Bc4 Nc6 5. e5 Ng4 6. O-O Be7 7. Bf4 g5 8. Bg3
h5 9. Bd5 Nb4 10. Bb3 c5 11. c3 Nc6 12. cxd4 h4 13. Nxh4 gxh4 14. Qxg4 Nxd4 15.
Qg7 Rf8 16. Bxh4 Ne2+ 17. Kh1 Bxh4 18. Bxf7+ Rxf7 19. Qh8+ Rf8 20. Qh5+ Rf7 21.
Qh8+ Rf8 22. Qh5+ 1/2-1/2

[Event "17PCR_F"]
[Site "?"]
[Date "2008.??.??"]
[Round "?"]
[White "Brichacek, Milan"]
[Black "Jerabek, Zdenek"]
[Result "1-0"]
[WhiteElo "2215"]
[BlackElo "2241"]
[PlyCount "65"]
[EventDate "2008.??.??"]

1. e4 c5 2. Nf3 Nc6 3. Bb5 Nf6 4. Nc3 a6 5. Bxc6 dxc6 6. O-O Bg4 7. Re1 e6 8.
d3 c4 9. h3 Bh5 10. dxc4 Qxd1 11. Nxd1 Bb4 12. c3 Be7 13. g4 Bg6 14. Ne5 Rd8
15. f3 Bd6 16. Bf4 Nd7 17. Nxg6 Bc5+ 18. Kg2 hxg6 19. Bc7 Rc8 20. Bg3 Be7 21.
Ne3 Bh4 22. Bxh4 Rxh4 23. Kg3 g5 24. f4 Nc5 25. fxg5 Rh8 26. Ng2 Rd8 27. Re3
Rd2 28. b4 Nd3 29. c5 Ne5 30. Nf4 Nc4 31. Rf3 Ke7 32. e5 Nxe5 33. Re3 1-0

[Event "17PCR_F"]
[Site "?"]
[Date "2008.??.??"]
[Round "?"]
[White "Brichacek, Milan"]
[Black "Mezera, Lukas"]
[Result "1/2-1/2"]
[WhiteElo "2215"]
[BlackElo "2210"]
[PlyCount "70"]
[EventDate "2008.??.??"]

1. e4 e6 2. d4 d5 3. Nd2 Be7 4. Ngf3 Nf6 5. Bd3 c5 6. dxc5 dxe4 7. Nxe4 Nxe4 8.
Bxe4 Qxd1+ 9. Kxd1 Bxc5 10. Ke2 Nd7 11. a3 Nf6 12. Bd3 b6 13. Bb5+ Ke7 14. Bf4
Bb7 15. Rad1 a6 16. Bd3 Rhd8 17. c4 a5 18. Rhe1 Rac8 19. Bb1 Ne4 20. Rxd8 Rxd8
21. Be3 f6 22. Bxc5+ bxc5 23. Ke3 Nd6 24. Nd2 g6 25. g3 Bc6 26. f4 Rb8 27. b3
a4 28. bxa4 Bxa4 29. Kd3 Nf5 30. Bc2 Ra8 31. Ra1 Rd8+ 32. Kc3 Bxc2 33. Kxc2
Nd4+ 34. Kc3 h6 35. a4 Ne2+ 1/2-1/2

[Event "17PCR_F"]
[Site "?"]
[Date "2008.??.??"]
[Round "?"]
[White "Brichacek, Milan"]
[Black "Mindl, Josef"]
[Result "0-1"]
[WhiteElo "2215"]
[BlackElo "2148"]
[PlyCount "90"]
[EventDate "2008.??.??"]

1. e4 e6 2. d4 d5 3. Nd2 Nf6 4. e5 Nfd7 5. c3 c5 6. Bd3 Nc6 7. Ne2 cxd4 8. cxd4
f6 9. Nf4 Nxd4 10. Qh5+ Ke7 11. exf6+ Nxf6 12. Ng6+ hxg6 13. Qxh8 Kf7 14. O-O
e5 15. Nb3 Nxb3 16. axb3 Bf5 17. Bxf5 gxf5 18. Bd2 Bc5 19. Qh3 Qd7 20. b4 Bb6
21. Rfe1 e4 22. Bg5 Ng4 23. Qh5+ Kg8 24. Rf1 Qc7 25. Rac1 Qe5 26. Rce1 d4 27.
g3 e3 28. fxe3 d3 29. Bf4 Qxb2 30. Rb1 Qd2 31. Rbe1 Bxe3+ 32. Bxe3 Nxe3 33. Qf3
Nxf1 34. Rxf1 Rd8 35. Qxf5 Qe3+ 36. Qf2 Qxf2+ 37. Kxf2 Rf8+ 38. Kg1 Rxf1+ 39.
Kxf1 Kf7 40. Kf2 Ke6 41. Ke3 Kf5 42. h3 d2 43. Kxd2 Ke4 44. Ke2 a6 45. h4 b6
0-1

[Event "17PCR_F"]
[Site "?"]
[Date "2008.??.??"]
[Round "?"]
[White "Brichacek, Milan"]
[Black "Svoboda, Frantisek"]
[Result "0-1"]
[WhiteElo "2215"]
[BlackElo "2176"]
[PlyCount "152"]
[EventDate "2008.??.??"]

1. e4 e5 2. Nf3 Nc6 3. Bb5 Nf6 4. O-O Nxe4 5. Qe2 Ng5 6. Bxc6 bxc6 7. Qxe5+ Ne6
8. d3 Be7 9. Nc3 O-O 10. Bd2 d5 11. Rfe1 Rb8 12. Rab1 Re8 13. Qh5 g6 14. Qe5 a6
15. a3 Bd7 16. Qg3 Bd6 17. Qg4 h5 18. Qa4 a5 19. h3 c5 20. Qh4 Qxh4 21. Nxh4
Bc6 22. Nf3 a4 23. Ne5 Bxe5 24. Rxe5 f6 25. Ree1 Kf7 26. Ne2 d4 27. b4 axb3 28.
cxb3 Bb5 29. Nc1 Ba4 30. f4 Bc6 31. Rf1 Rg8 32. Rb2 Rb7 33. Ne2 f5 34. Rfb1 Bd5
35. a4 Rgb8 36. Nc1 Ke7 37. a5 Kd6 38. g3 Rb5 39. Kf2 Nd8 40. Ra2 Ra8 41. Ra4
Nc6 42. Ra2 Nb4 43. Bxb4 Rxb4 44. Raa1 Ra6 45. Ke2 Rb8 46. Kd2 Rba8 47. b4 cxb4
48. Rxb4 Rxa5 49. Rxa5 Rxa5 50. Rb8 Ra8 51. Rxa8 Bxa8 52. Nb3 c5 53. Ke2 Bg2
54. h4 Bd5 55. Nd2 Kc6 56. Kd1 Kb5 57. Kc1 Ka4 58. Kb2 Kb4 59. Kc2 c4 60. dxc4
Be4+ 61. Kd1 Bd3 62. c5 Bb5 63. Nf3 Kc3 64. Ke1 Ba4 65. Kf2 Bd7 66. Ke1 Bc6 67.
Ne5 Bd5 68. c6 d3 69. c7 d2+ 70. Ke2 Be6 71. c8=Q+ Bxc8 72. Nf3 Ba6+ 73. Kd1
Kd3 74. Nxd2 Ke3 75. Ke1 Bd3 76. Nb3 Kf3 0-1

[Event "17PCR_F"]
[Site "?"]
[Date "2008.??.??"]
[Round "?"]
[White "Cvak, Rudolf"]
[Black "Bednarik, Radovan"]
[Result "1-0"]
[WhiteElo "2264"]
[BlackElo "2112"]
[PlyCount "75"]
[EventDate "2008.??.??"]

1. e4 c5 2. Nf3 e6 3. d4 cxd4 4. Nxd4 a6 5. c4 Nf6 6. Nc3 Qc7 7. Be2 Bb4 8. O-O
O-O 9. Qd3 d6 10. Qg3 Kh8 11. Rd1 Bxc3 12. Qxc3 Nxe4 13. Qd3 f5 14. f3 Nc5 15.
Qa3 Bd7 16. Be3 f4 17. Bf2 e5 18. Nb5 axb5 19. Qxa8 bxc4 20. Bxc4 Ba4 21. b3
Rc8 22. bxa4 Nc6 23. Qxc8+ Qxc8 24. Rxd6 Qc7 25. Rad1 Nd4 26. Rd5 Nce6 27. Bb5
h6 28. Re1 Nc6 29. h4 Kh7 30. a5 Qc8 31. Bd3+ Kh8 32. a6 bxa6 33. Rd6 Ned8 34.
Rc1 Qc7 35. Rdxc6 Nxc6 36. Be4 Qa5 37. Rxc6 g6 38. Rxg6 1-0

[Event "17PCR_F"]
[Site "?"]
[Date "2008.??.??"]
[Round "?"]
[White "Cvak, Rudolf"]
[Black "Brichacek, Milan"]
[Result "1-0"]
[WhiteElo "2264"]
[BlackElo "2215"]
[PlyCount "105"]
[EventDate "2008.??.??"]

1. e4 c5 2. Nf3 d6 3. d4 Nf6 4. Nc3 cxd4 5. Nxd4 Nc6 6. Bg5 e6 7. Qd2 Be7 8.
O-O-O O-O 9. f4 Nxd4 10. Qxd4 Qa5 11. e5 dxe5 12. Qxe5 Qxe5 13. fxe5 Nd5 14.
Bxe7 Nxe7 15. Bd3 b6 16. Be4 Rb8 17. Rhe1 Ng6 18. Bxg6 hxg6 19. g3 Bb7 20. Rd7
Rfd8 21. Red1 Rxd7 22. Rxd7 g5 23. Kd2 a6 24. Rc7 Rd8+ 25. Ke2 Bg2 26. Ke3 a5
27. a4 Bh1 28. h4 gxh4 29. gxh4 Bg2 30. h5 Kf8 31. Nb5 Rd5 32. Kf4 Rc5 33. Rxc5
bxc5 34. Ke3 Ke7 35. Nd6 Bc6 36. b3 Bd5 37. Kf4 f5 38. exf6+ Kxf6 39. Ne8+ Kf7
40. Nc7 Kf6 41. Nxd5+ exd5 42. Kg4 c4 43. bxc4 dxc4 44. c3 Ke6 45. Kg5 Kf7 46.
Kf5 Kg8 47. h6 gxh6 48. Kg6 h5 49. Kxh5 Kf8 50. Kg5 Ke7 51. Kf5 Kd7 52. Ke4 Kd6
53. Kd4 1-0

[Event "17PCR_F"]
[Site "?"]
[Date "2008.??.??"]
[Round "?"]
[White "Cvak, Rudolf"]
[Black "Glaser, Karel"]
[Result "0-1"]
[WhiteElo "2264"]
[BlackElo "2161"]
[PlyCount "82"]
[EventDate "2008.??.??"]

1. e4 e5 2. Nf3 Nc6 3. Bc4 Bc5 4. b4 Bxb4 5. c3 Ba5 6. d4 d6 7. Qb3 Qd7 8. dxe5
Bb6 9. Nbd2 dxe5 10. Ba3 Na5 11. Nxe5 Bxf2+ 12. Ke2 Nxb3 13. axb3 Bb6 14. Nxd7
Bxd7 15. h3 f6 16. Rhd1 Ne7 17. Nf3 Bc6 18. Nd4 Bxd4 19. Rxd4 Ng6 20. Kf2 Ne5
21. Be6 b6 22. Rad1 a5 23. Kg3 h5 24. h4 a4 25. bxa4 Bxa4 26. Ra1 Bb5 27. Rdd1
Rh6 28. Rd4 Bd7 29. Bb3 Rg6+ 30. Kf2 Rg4 31. g3 Ra5 32. Bd1 c5 33. Rd2 Rxe4 34.
Bxh5+ Kd8 35. Bd1 Kc7 36. h5 Bc6 37. Bb2 Nc4 38. Rxa5 bxa5 39. Rc2 Ba4 40. Bc1
Bxc2 41. Bxc2 Re7 0-1

[Event "17PCR_F"]
[Site "?"]
[Date "2008.??.??"]
[Round "?"]
[White "Cvak, Rudolf"]
[Black "Jerabek, Zdenek"]
[Result "1-0"]
[WhiteElo "2264"]
[BlackElo "2241"]
[PlyCount "45"]
[EventDate "2008.??.??"]

1. e4 c5 2. Nf3 Nc6 3. d4 cxd4 4. Nxd4 d5 5. exd5 Qxd5 6. Be3 Nf6 7. Nc3 Qa5 8.
Qf3 Bd7 9. O-O-O e6 10. Bb5 Rc8 11. Nb3 Qc7 12. Rhe1 Ne5 13. Bxd7+ Nexd7 14.
Nd4 a6 15. Bf4 Qb6 16. Qh3 Nc5 17. g4 Rd8 18. g5 Ng8 19. g6 Nf6 20. a3 a5 21.
Ndb5 Be7 22. Rxd8+ Qxd8 23. b4 1-0

[Event "17PCR_F"]
[Site "?"]
[Date "2008.??.??"]
[Round "?"]
[White "Cvak, Rudolf"]
[Black "Kyhos, Alois"]
[Result "1-0"]
[WhiteElo "2264"]
[BlackElo "2121"]
[PlyCount "63"]
[EventDate "2008.??.??"]

1. e4 e5 2. Nf3 Nc6 3. Bb5 a6 4. Ba4 Nf6 5. d4 exd4 6. O-O b5 7. Bb3 Be7 8. e5
Ne4 9. Bd5 Nc5 10. Nxd4 Bb7 11. Nf5 O-O 12. Be3 Ne6 13. Nc3 Kh8 14. Nxe7 Qxe7
15. f4 f6 16. exf6 gxf6 17. f5 Nc5 18. Re1 Rae8 19. Qd2 Ne5 20. Qf2 d6 21. Bxc5
c6 22. Be6 dxc5 23. Ne4 c4 24. Rad1 Bc8 25. Bxc8 Rxc8 26. Rd6 Rcd8 27. Re6 Qg7
28. Qe3 Ng4 29. Qg3 Nh6 30. Qf4 c5 31. c3 a5 32. Rb6 1-0

[Event "17PCR_F"]
[Site "?"]
[Date "2008.??.??"]
[Round "?"]
[White "Cvak, Rudolf"]
[Black "Portych, Vaclav"]
[Result "1-0"]
[WhiteElo "2264"]
[BlackElo "2187"]
[PlyCount "127"]
[EventDate "2008.??.??"]

1. e4 c5 2. Nf3 Nc6 3. d4 cxd4 4. Nxd4 Nf6 5. Nc3 e5 6. Ndb5 d6 7. Nd5 Nxd5 8.
exd5 Nb8 9. c4 a6 10. Qa4 Bd7 11. Qa3 Bxb5 12. cxb5 Be7 13. bxa6 Nxa6 14. Bb5+
Kf8 15. O-O Nc7 16. Qb3 Nxb5 17. Qxb5 Qb8 18. Be3 f5 19. f4 e4 20. Rfc1 Qd8 21.
a4 Kf7 22. a5 Kg6 23. Ra3 Bh4 24. Bd4 Rg8 25. b4 Rc8 26. Rxc8 Qxc8 27. Rc3 Qe8
28. Qxb7 Qa4 29. Rc1 Bf6 30. Bf2 Qa3 31. Re1 Qd3 32. Qc6 Rd8 33. Qb6 Qxd5 34.
a6 Ra8 35. a7 Bc3 36. Rf1 Bd2 37. Bd4 h5 38. h4 Kh7 39. Kh2 e3 40. Bxe3 Bxe3
41. Qxe3 Qb7 42. Ra1 Qxb4 43. Qf3 Qe4 44. Qxh5+ Kg8 45. Qg5 Qb7 46. Qxf5 Rxa7
47. Rxa7 Qxa7 48. Qd5+ Kh8 49. Qxd6 Qf2 50. Qf8+ Kh7 51. Qf5+ Kg8 52. Qg5 Kh7
53. h5 Qd2 54. Qg3 Qd8 55. Qg6+ Kh8 56. Kg3 Qd2 57. h6 Qe1+ 58. Kg4 Qd1+ 59.
Kg5 Qd8+ 60. Kh5 Qd1+ 61. g4 Qd5+ 62. Kh4 Qh1+ 63. Kg5 Qd5+ 64. Qf5 1-0

[Event "17PCR_F"]
[Site "?"]
[Date "2008.??.??"]
[Round "?"]
[White "Glaser, Karel"]
[Black "Berko, Michal"]
[Result "1-0"]
[WhiteElo "2161"]
[BlackElo "2117"]
[PlyCount "83"]
[EventDate "2008.??.??"]

1. e4 e5 2. Nf3 Nf6 3. d4 exd4 4. e5 Ne4 5. Qxd4 d5 6. exd6 Nxd6 7. Nc3 Nc6 8.
Qf4 g6 9. Bd3 Bg7 10. Be3 Be6 11. O-O-O O-O 12. Rhe1 Qd7 13. Ne4 Nxe4 14. Bxe4
Qe7 15. Bxc6 bxc6 16. Bd4 Rfd8 17. Bxg7 Rxd1+ 18. Rxd1 Kxg7 19. Qe4 Qc5 20.
Qd4+ Qxd4 21. Nxd4 Bd5 22. f3 Re8 23. b3 c5 24. Nb5 c6 25. Nc7 Re2 26. Rd2 Re7
27. Nxd5 Re1+ 28. Kb2 cxd5 29. Rxd5 Re2 30. Rxc5 Rxg2 31. b4 Rxh2 32. Ra5 Rh4
33. a3 Rf4 34. Rxa7 h5 35. b5 h4 36. b6 Rf6 37. Ra6 h3 38. b7 h2 39. b8=Q h1=Q
40. Rxf6 Kxf6 41. Qf4+ Kg7 42. a4 1-0

[Event "17PCR_F"]
[Site "?"]
[Date "2008.??.??"]
[Round "?"]
[White "Glaser, Karel"]
[Black "Brichacek, Milan"]
[Result "1-0"]
[WhiteElo "2161"]
[BlackElo "2215"]
[PlyCount "89"]
[EventDate "2008.??.??"]

1. e4 c5 2. Nf3 d6 3. d4 cxd4 4. Nxd4 Nf6 5. Nc3 e5 6. Bb5+ Nbd7 7. Nf5 a6 8.
Bxd7+ Qxd7 9. Bg5 Nxe4 10. Nxg7+ Bxg7 11. Nxe4 O-O 12. Qxd6 f6 13. Be3 Qg4 14.
Nc5 Qb4+ 15. Qd2 Qxd2+ 16. Kxd2 b6 17. Na4 Bb7 18. Nxb6 Rad8+ 19. Ke2 Bxg2 20.
Rhg1 Be4 21. c4 Bd3+ 22. Ke1 Kf7 23. c5 Bb5 24. a4 Bc6 25. b4 Bh8 26. Rb1 Bf3
27. b5 axb5 28. axb5 Rg8 29. Rxg8 Rxg8 30. Rb3 Bg4 31. Nc4 Be6 32. Nd6+ Ke7 33.
Ra3 Bg4 34. b6 Bf3 35. Bh6 Bd5 36. Ra7+ Ke6 37. Rxh7 f5 38. h4 Bf6 39. Nb5 Bd8
40. Bg5 Bf3 41. Bxd8 Rxd8 42. Rh6+ Kd7 43. Nd6 Rf8 44. h5 f4 45. Rh7+ 1-0

[Event "17PCR_F"]
[Site "?"]
[Date "2008.??.??"]
[Round "?"]
[White "Glaser, Karel"]
[Black "Jerabek, Zdenek"]
[Result "1-0"]
[WhiteElo "2161"]
[BlackElo "2241"]
[PlyCount "47"]
[EventDate "2008.??.??"]

1. e4 c5 2. Nf3 Nc6 3. d4 cxd4 4. Nxd4 Nf6 5. Nc3 e5 6. Ndb5 d6 7. Bg5 a6 8.
Na3 Be7 9. Nc4 O-O 10. Bxf6 Bxf6 11. Qxd6 Qxd6 12. Nxd6 Rd8 13. Nxc8 Raxc8 14.
a3 Nd4 15. Bd3 Rd6 16. O-O-O Rdc6 17. Kb1 Kf8 18. Rhf1 a5 19. Nd5 Nxc2 20. Bxc2
Rxc2 21. Nc3 R2xc3 22. bxc3 Rxc3 23. Kb2 Rc4 24. f3 1-0

[Event "17PCR_F"]
[Site "?"]
[Date "2008.??.??"]
[Round "?"]
[White "Glaser, Karel"]
[Black "Mindl, Josef"]
[Result "1/2-1/2"]
[WhiteElo "2161"]
[BlackElo "2148"]
[PlyCount "102"]
[EventDate "2008.??.??"]

1. e4 e5 2. Nf3 Nc6 3. Bb5 a6 4. Ba4 Nf6 5. O-O Be7 6. Re1 b5 7. Bb3 d6 8. c3
O-O 9. h3 Na5 10. Bc2 d5 11. exd5 e4 12. Bxe4 Nxe4 13. Rxe4 Bb7 14. d4 Re8 15.
Bf4 Nc4 16. b3 Nb6 17. Qd3 Nxd5 18. Bg3 c5 19. dxc5 f5 20. Re1 f4 21. Bh2 Bxc5
22. Nbd2 Qb6 23. Ne4 Nxc3 24. Nxc5 Qxc5 25. Bxf4 Red8 26. Qe3 Qxe3 27. Rxe3 Nd5
28. Re4 Nc3 29. Re7 Bxf3 30. Be5 Ne2+ 31. Kf1 Re8 32. Rxg7+ Kf8 33. Rg5 Be4 34.
Kxe2 h6 35. Bg7+ Kf7 36. Bxh6 Bxg2+ 37. Kd3 Bxh3 38. Rag1 Rad8+ 39. Kc3 Rc8+
40. Kb4 Rg8 41. Rg7+ Rxg7 42. Rxg7+ Kf6 43. Rg3 Be6 44. Bg7+ Ke7 45. f4 Kf7 46.
Be5 Bf5 47. Rg7+ Ke6 48. Ra7 Rc6 49. Ka5 Bb1 50. a3 Bd3 51. Bb2 Kf5 1/2-1/2

[Event "17PCR_F"]
[Site "?"]
[Date "2008.??.??"]
[Round "?"]
[White "Glaser, Karel"]
[Black "Pirhala, Ladislav"]
[Result "1/2-1/2"]
[WhiteElo "2161"]
[BlackElo "2102"]
[PlyCount "83"]
[EventDate "2008.??.??"]

1. e4 c6 2. d4 d5 3. Nc3 dxe4 4. Nxe4 Bf5 5. Ng3 Bg6 6. Nf3 Nd7 7. h4 h6 8. Bd3
Bxd3 9. Qxd3 Qc7 10. Bd2 e6 11. O-O-O Ngf6 12. Ne4 O-O-O 13. g3 Nxe4 14. Qxe4
Bd6 15. c4 c5 16. Bc3 Nf6 17. Qe2 cxd4 18. Nxd4 a6 19. Kb1 Qc5 20. Rhe1 Bc7 21.
a3 Qh5 22. Qxh5 Nxh5 23. Kc2 Rhe8 24. Nf3 Rxd1 25. Kxd1 f6 26. Nd4 Be5 27. Kc2
Bxd4 28. Bxd4 e5 29. Bc3 Re7 30. c5 Kd7 31. Rd1+ Ke6 32. Rd6+ Kf5 33. c6 bxc6
34. Rxc6 Kg4 35. Kd2 Kf3 36. Ke1 e4 37. Bd2 f5 38. Rxa6 e3 39. Bxe3 Nxg3 40.
Ra7 Re5 41. Kd1 Ne4 42. Rxg7 1/2-1/2

[Event "17PCR_F"]
[Site "?"]
[Date "2008.??.??"]
[Round "?"]
[White "Glaser, Karel"]
[Black "Portych, Vaclav"]
[Result "1/2-1/2"]
[WhiteElo "2161"]
[BlackElo "2187"]
[PlyCount "57"]
[EventDate "2008.??.??"]

1. e4 c5 2. Nf3 Nc6 3. d4 cxd4 4. Nxd4 Nf6 5. Nc3 e5 6. Ndb5 d6 7. Bg5 a6 8.
Na3 b5 9. Bxf6 gxf6 10. Nd5 f5 11. Bd3 Be6 12. c3 Bg7 13. Nc2 Bxd5 14. exd5 Ne7
15. O-O O-O 16. a4 e4 17. Be2 bxa4 18. Rxa4 Qb6 19. Rb4 Qc5 20. Ne3 Rab8 21.
Qb3 Rxb4 22. cxb4 Qd4 23. Rd1 Qxb2 24. Qxb2 Bxb2 25. Bxa6 Ra8 26. b5 Ba3 27.
Nc4 Bc5 28. Nb2 Rb8 29. Nc4 1/2-1/2